|
|
|
|
| LEADER |
00000nam0a2200000 4500 |
| 001 |
104437 |
| 005 |
20231031114014.0 |
| 035 |
|
|
|a (RuTPU)RU\TPU\book\112597
|
| 035 |
|
|
|a RU\TPU\book\108530
|
| 090 |
|
|
|a 104437
|
| 100 |
|
|
|a 20061102d2004 m y0rusy50 ca
|
| 101 |
0 |
|
|a rus
|
| 102 |
|
|
|a RU
|
| 105 |
|
|
|a a j 001zy
|
| 200 |
0 |
|
|a Ч. 1. Алгебра. Геометрия. Введение в математический анализ
|
| 210 |
|
|
|d 2004
|
| 215 |
|
|
|a 68 с.
|c ил.
|
| 320 |
|
|
|a Библиогр.: с. 185.
|
| 330 |
|
|
|a Учебное пособие включает следующие разделы высшей математики. • Первая часть: линейная алгебра (определители, матрицы, системы уравнений). • Вторая часть: векторная алгебра (операции с векторами, системы координат). • Третья часть: аналитическая геометрия (уравнения прямых и плоскостей, кривые второго порядка). • Четвёртая часть: введение в анализ, бесконечно малые, предел последовательности и функции, непрерывность функции, точки разрыва. Учебное пособие подготовлено на кафедре высшей математики ТПУ и предназначено для студентов первого курса инженерных специальностей всех форм обучения.
|
| 610 |
1 |
|
|a математика
|
| 610 |
1 |
|
|a линейная алгебра
|
| 610 |
1 |
|
|a векторная алгебра
|
| 610 |
1 |
|
|a аналитическая геометрия
|
| 610 |
1 |
|
|a математический анализ
|
| 610 |
1 |
|
|a учебные пособия
|
| 675 |
|
|
|a 51(075.8)
|v 3
|
| 801 |
|
1 |
|a RU
|b 63413507
|c 20030908
|g PSBO
|
| 801 |
|
2 |
|a RU
|b 63413507
|c 20061109
|g PSBO
|
| 900 |
|
|
|a Математический анализ
|
| 900 |
|
|
|a Высшая математика
|
| 900 |
|
|
|a Алгебра и геометрия
|
| 942 |
|
|
|c BK
|
| 954 |
|
|
|b 010000
|b 020000
|